| 000 | 00934nam0a22002531 4500 | ||
|---|---|---|---|
| 001 | rc\959882 | ||
| 005 | 20260405053338.0 | ||
| 035 | _a(NLR Aleph) 006130259 | ||
| 090 |
_a5553942 _c5553942 |
||
| 100 | _a20041129d1982 |||y0rusy50 ca | ||
| 101 | 0 | _arus | |
| 102 | _aRU | ||
| 105 | _aa ||||||||| | ||
| 200 | 1 |
_aСправочник по изотопной геохимии _f[Э.В. Соботович, Е.Н. Бартницкий, О.В. Цьонь, Л.В. Кононенко] |
|
| 210 |
_aМ. _cЭнергоиздат _d1982 |
||
| 215 |
_a241 с. _cграф. _d22 |
||
| 300 | _aАвт. указаны на обороте тит. л. | ||
| 320 | _aБиблиогр. в конце глав | ||
| 701 | 1 |
_8rus _7ca _aСоботович _bЭ. В. _f1927-2013 _gЭмлен Владимирович _3RU\NLR\AUTH\7717200 _9290 |
|
| 801 | 0 |
_aRU _bNLR _gpsbo |
|
| 801 | 1 |
_aRU _bELAR _2rusmarc |
|
| 852 |
_aNLR _j83-5/1050 |
||
| 942 | _cBOOK | ||
| 980 | _aNB | ||